Análisis y diseño de sistemas de información/ (Registro nro. 9374)

Detalles MARC
000 -LEADER
fixed length control field 00940nam a2200217Ia 4500
005 - FECHA Y HORA DE LA ÚLTIMA TRANSACCIÓN
control field 20230917084150.0
008 - FIXED-LENGTH DATA ELEMENTS--GENERAL INFORMATION
fixed length control field 230912s9999 xx 000 0 und d
020 ## - INTERNATIONAL STANDARD BOOK NUMBER
International Standard Book Number 84-8086-252-1
040 ## - CATALOGING SOURCE
Original cataloging agency UPAN
Transcribing agency Biblioteca San Vicente
Description conventions RCAA2
041 ## - LANGUAGE CODE
Language code of text/sound track or separate title spa
082 ## - DEWEY DECIMAL CLASSIFICATION NUMBER
Classification number 003
Item number W558a
año de publicación 2003
100 ## - MAIN ENTRY--PERSONAL NAME
Personal name Whitten, Jeffrey.
Relator code aut.
245 #0 - TITLE STATEMENT
Title Análisis y diseño de sistemas de información/
Remainder of title Jeffrey L. Whitten, Lonnie D. Bentley, Victor M.Barlow
250 ## - EDITION STATEMENT
Edition statement 3° ed.
260 ## - PUBLICATION, DISTRIBUTION, ETC. (IMPRINT)
Place of publication, distribution, etc Colombia:
Name of publisher, distributor, etc McGraw Hill,
Date of publication, distribution, etc 2003
300 ## - PHYSICAL DESCRIPTION
Extent 907 p.;
Dimensions 23 cm.
505 ## - FORMATTED CONTENTS NOTE
Formatted contents note Parte promera:Fundamentos del desarrollo de sistemas<br/>Parte segunda: Planificación de sistemas y análisis de sistemas<br/>Parte tercera: Diseño de sistemas<br/>Parte cuarta: Implantación de sistemas y soporte de sistemas<br/>Parte quinta: Actividades cruzadas del ciclo de vida.
650 ## - SUBJECT ADDED ENTRY--TOPICAL TERM
Source of heading or term LEMB
General subdivision Sistemas de información
700 ## - ADDED ENTRY--PERSONAL NAME
Personal name Bentley, Lonnie D.
Relator code aut.
942 ## - ADDED ENTRY ELEMENTS (KOHA)
Koha item type Libros
Source of classification or shelving scheme Dewey Decimal Classification
Existencias
Withdrawn status Lost status Source of classification or shelving scheme Damaged status Not for loan Collection code Home library Current library Date acquired Total Checkouts Full call number Barcode Date last seen Copy number Price effective from Koha item type
    Dewey Decimal Classification     Colección General Biblioteca UPAN San Vicente Biblioteca UPAN San Vicente 12/09/2023   003 W558a 12000035 12/09/2023 01 12/09/2023 Libros
    Dewey Decimal Classification     Colección General Biblioteca UPAN San Vicente Biblioteca UPAN San Vicente 17/09/2023   003 W558a 12000034 17/09/2023 02 17/09/2023 Libros